000
00259nam a2200109Ia 4500
008
201224s9999 xx 000 0 und d
100
_a
Beyer, Peter
245
0
_a
Religion and Globalization
260
_a
London
_b
Sage Publications
300
_a
250
942
_c
BK
999
_c
8672
_d
8672